000 00943pam a2200265 a 4500
999 _c342272
_d342272
001 3401374
003 NUST
005 20171215101701.0
008 891122s1990 flua b 001 0 eng
010 _a 89070856
020 _a0849365694
040 _aDLC
_cDLC
_dDLC
050 0 0 _aTP371.2
_b.F65 1990
082 0 0 _a664.028 CAL
_220
245 0 0 _aFood preservation by modified atmospheres /
_cEditors, Moshe Calderon, Rivka Barkai-Golan.
260 _aBoca Raton, Fla. :
_bCRC Press,
_c1990.
300 _a402 p. :
_bill. ;
_c27 cm.
500 _aH.B
504 _aIncludes bibliographical references.
650 0 _aFood
_xPreservation.
_97320
650 0 _aProtective atmospheres.
_97321
700 1 _aCalderon, Moshe.
_97322
700 2 _aBarkai-Golan, Rivka.
_97323
856 4 2 _3Publisher description
_uhttp://www.loc.gov/catdir/enhancements/fy0744/89070856-d.html
906 _a7
_bcbc
_corignew
_d1
_eopcn
_f19
_gy-gencatlg
942 _2ddc
_cBK
_kIESE